Préfectures françaises - Statistiques

Statistiques générales
  • Ce quiz a été pris 245 fois
  • Le résultat moyen est 67 sur 101
Statistiques - réponses
Départements Préfectures % Correct
Auvergne-Rhône-Alpes 69 Rhône Lyon
93%
Auvergne-Rhône-Alpes 38 Isère Grenoble
89%
Hauts-de-France 59 Nord Lille
89%
Provence-Alpes-Côte d'Azur 13 Bouches-du-Rhône Marseille
89%
Île-de-France 75 Paris Paris
89%
Grand Est 67 Bas-Rhin Strasbourg
89%
Auvergne-Rhône-Alpes 01 Ain Bourg-en-Bresse
87%
Auvergne-Rhône-Alpes 42 Loire Saint-Étienne
87%
Provence-Alpes-Côte d'Azur 06 Alpes-Maritimes Nice
85%
Nouvelle-Aquitaine 33 Gironde Bordeaux
84%
Normandie 14 Calvados Caen
84%
Auvergne-Rhône-Alpes 63 Puy-de-Dôme Clermont-Ferrand
84%
Occitanie 31 Haute-Garonne Toulouse
84%
Corse 2A Corse-du-sud Ajaccio
82%
Bourgogne-Franche-Comté 21 Côte-d'Or Dijon
82%
Occitanie 34 Hérault Montpellier
82%
Bretagne 35 Ille-et-Vilaine Rennes
82%
Auvergne-Rhône-Alpes 74 Haute-Savoie Annecy
79%
Corse 2B Haute-Corse Bastia
79%
Pays de la Loire 85 Vendée La Roche-sur-Yon
79%
Pays de la Loire 44 Loire-Atlantique Nantes
79%
Bourgogne-Franche-Comté 90 Territoire de Belfort Belfort
78%
Provence-Alpes-Côte d'Azur 83 Var Toulon
78%
Auvergne-Rhône-Alpes 73 Savoie Chambéry
77%
Nouvelle-Aquitaine 64 Pyrénées-Atlantiques Pau
77%
Bretagne 56 Morbihan Vannes
76%
Centre-Val de Loire 45 Loiret Orléans
75%
Occitanie 66 Pyrénées-Orientales Perpignan
75%
Bretagne 29 Finistère Quimper
75%
Normandie 76 Seine-Maritime Rouen
75%
Auvergne-Rhône-Alpes 26 Drôme Valence
75%
Provence-Alpes-Côte d'Azur 05 Hautes-Alpes Gap
74%
Grand Est 57 Moselle Metz
74%
Grand Est 54 Meurthe-et-Moselle Nancy
74%
Grand Est 68 Haut-Rhin Colmar
73%
Nouvelle-Aquitaine 87 Haute-Vienne Limoges
73%
Occitanie 30 Gard Nîmes
73%
DROM 974 La Réunion Saint-Denis
73%
Hauts-de-France 62 Pas-de-Calais Arras
71%
Nouvelle-Aquitaine 86 Vienne Poitiers
71%
Grand Est 10 Aube Troyes
71%
Bourgogne-Franche-Comté 25 Doubs Besançon
70%
Pays de la Loire 72 Sarthe Le Mans
70%
Hauts-de-France 80 Somme Amiens
69%
Bourgogne-Franche-Comté 89 Yonne Auxerre
69%
Occitanie 11 Aude Carcassonne
69%
Nouvelle-Aquitaine 17 Charente-Maritime La Rochelle
69%
Pays de la Loire 49 Maine-et-Loire Angers
68%
Bourgogne-Franche-Comté 58 Nièvre Nevers
68%
Bretagne 22 Côtes d'Armor Saint-Brieuc
67%
Centre-Val de Loire 37 Indre-et-Loire Tours
67%
Île-de-France 78 Yvelines Versailles
67%
Provence-Alpes-Côte d'Azur 84 Vaucluse Avignon
66%
Nouvelle-Aquitaine 79 Deux-Sèvres Niort
66%
Grand Est 88 Vosges Épinal
65%
Nouvelle-Aquitaine 19 Corrèze Tulle
65%
DROM 972 Martinique Fort-de-France
63%
Auvergne-Rhône-Alpes 03 Allier Moulins
63%
Hauts-de-France 60 Oise Beauvais
62%
Grand Est 08 Ardennes Charleville-Mézières
62%
DROM 973 Guyane Cayenne
61%
Grand Est 51 Marne Châlons-en-Champagne
61%
Pays de la Loire 53 Mayenne Laval
61%
Hauts-de-France 02 Aisne Laon
60%
Nouvelle-Aquitaine 40 Landes Mont-de-Marsan
60%
Normandie 50 Manche Saint-Lô
60%
Auvergne-Rhône-Alpes 15 Cantal Aurillac
59%
Auvergne-Rhône-Alpes 07 Ardèche Privas
59%
Centre-Val de Loire 18 Cher Bourges
58%
Normandie 27 Eure Évreux
58%
DROM 976 Mayotte Mamoudzou
58%
Occitanie 32 Gers Auch
57%
Centre-Val de Loire 36 Indre Châteauroux
57%
Île-de-France 91 Essonne Évry
57%
Nouvelle-Aquitaine 24 Dordogne Périgueux
57%
Occitanie 12 Aveyron Rodez
57%
Centre-Val de Loire 28 Eure-et-Loir Chartres
55%
Bourgogne-Franche-Comté 39 Jura Lons-le-Saunier
55%
Nouvelle-Aquitaine 16 Charente Angoulême
54%
Bourgogne-Franche-Comté 71 Saône-Et-Loire Mâcon
54%
Centre-Val de Loire 41 Loir-et-Cher Blois
53%
Nouvelle-Aquitaine 23 Creuse Guéret
53%
Auvergne-Rhône-Alpes 43 Haute-Loire Le Puy-en-Velay
53%
Occitanie 81 Tarn Albi
52%
Grand Est 55 Meuse Bar-le-Duc
52%
Occitanie 09 Ariège Foix
52%
Normandie 61 Orne Alençon
51%
Île-de-France 92 Hauts-de-Seine Nanterre
50%
Bourgogne-Franche-Comté 70 Haute-Saône Vesoul
50%
Nouvelle-Aquitaine 47 Lot-et-Garonne Agen
49%
Île-de-France 94 Val-de-Marne Créteil
49%
Occitanie 48 Lozère Mende
49%
DROM 971 Guadeloupe Basse-Terre
48%
Occitanie 82 Tarn-et-Garonne Montauban
46%
Grand Est 52 Haute-Marne Chaumont
45%
Provence-Alpes-Côte d'Azur 04 Alpes-de-Haute-Provence Digne-les-Bains
45%
Île-de-France 77 Seine-et-Marne Melun
45%
Occitanie 65 Hautes-Pyrénées Tarbes
44%
Île-de-France 93 Seine-Saint-Denis Bobigny
43%
Occitanie 46 Lot Cahors
42%
Île-de-France 95 Val-d'Oise Pontoise
28%
Aucun quiz correspondant
Distribution des résultats
% des personnes avec chaque résultat
Percentile par nombre de réponses
Votre historique - résultats
Vous n’avez pas pris ce quiz